书目信息 |
| 题名: |
欧美岩土工程勘察标准解读
|
|
| 作者: | 刘卫民 编著 | |
| 分册: | ||
| 出版信息: | 北京 中国建筑工业出版社 2018.07 |
|
| 页数: | 196页 | |
| 开本: | 26cm | |
| 丛书名: | ||
| 单 册: | ||
| 中图分类: | TU412-65 , TU412-56 | |
| 科图分类: | ||
| 主题词: | 岩土工程--地质勘探--技术标准--研究--欧洲 , 岩土工程--地质勘探--技术标准--研究--美国 | |
| 电子资源: | ||
| ISBN: | 978-7-112-22357-2 | |
| 000 | 01184nam0 2200265 450 | |
| 001 | 4723 | |
| 005 | 20181012173519.05 | |
| 010 | @a978-7-112-22357-2@dCNY49.00 | |
| 100 | @a20181010d2018 em y0chiy50 ea | |
| 101 | 0 | @achi |
| 102 | @aCN@b110000 | |
| 105 | @aa z 000yy | |
| 200 | 1 | @a欧美岩土工程勘察标准解读@9ou mei yan tu gong cheng kan cha biao zhun jie du@f刘卫民[等]编著 |
| 210 | @a北京@c中国建筑工业出版社@d2018.07 | |
| 215 | @a196页@c图@d26cm | |
| 304 | @a编著者还有:丁小军、谷志文、吴臻林、朱冬春、岳永利等 | |
| 312 | @a封面英文题名:Decoding euramerican geotechnical engineering investigation standards | |
| 330 | @a本书共分为十一章,内容包括:欧、美岩土工程勘察标准体系简介及一般规定、岩土勘察采用的术语和符号、欧、美岩土工程勘察规划、勘察方法和技术要求、岩土体取样及制备的相关规定、岩土体鉴别及分类、原位测试方法及应用、岩土参数的分析处理、岩体参数及分级方法和岩土勘察报告的编制内容等。 | |
| 606 | 0 | @a岩土工程@x地质勘探@x技术标准@x研究@y欧洲 |
| 606 | 0 | @a岩土工程@x地质勘探@x技术标准@x研究@y美国 |
| 690 | @aTU412-65@v5 | |
| 690 | @aTU412-56@v4 | |
| 701 | 0 | @a刘卫民@9liu wei min@4编著 |
| 801 | 0 | @aCN@b91MARC@c20181010 |
| 905 | @aMuseLib@dTU412-56@e1461 | |
| 欧美岩土工程勘察标准解读/刘卫民[等]编著.-北京:中国建筑工业出版社,2018.07 |
| 196页:图;26cm |
| ISBN 978-7-112-22357-2:CNY49.00 |
| 本书共分为十一章,内容包括:欧、美岩土工程勘察标准体系简介及一般规定、岩土勘察采用的术语和符号、欧、美岩土工程勘察规划、勘察方法和技术要求、岩土体取样及制备的相关规定、岩土体鉴别及分类、原位测试方法及应用、岩土参数的分析处理、岩体参数及分级方法和岩土勘察报告的编制内容等。 |
| ● |
| 相关链接 |
|
|
|
|
正题名:欧美岩土工程勘察标准解读
索取号:TU412-56/1461
 
预约/预借
| 序号 | 登录号 | 条形码 | 馆藏地/架位号 | 状态 | 备注 |
| 1 | 1126329 | 211263292 | 第二样本阅览室/ [索取号:TU412-56/1461] | 在馆 | |
| 2 | 1126330 | 211263309 | 第三借阅区/ [索取号:TU412-56/1461] | 在馆 | |
| 3 | 1126331 | 211263318 | 第三借阅区/ [索取号:TU412-56/1461] | 在馆 | |
| 4 | 1126332 | 211263327 | 第三借阅区/ [索取号:TU412-56/1461] | 在馆 | |
| 5 | 1126333 | 211263336 | 密集书库-资源管理系/ [索取号:TU412-56/1461] | 在馆 |